000 00353nam a22001457a 4500
003 OSt
020 _a156527680
040 _c0
082 _222
_a005.44769
100 _aNorberg, Stefan.
245 _aSecuring windows NT/2000 server for the Internet /
260 _aCalifornia,
_bO'reilly,
_cc2001.
300 _axiv, 199 p. ;
_bill .;
942 _2ddc
_cIT
999 _c4545
_d4545